000 00221 a2200097 4500
001 48222
100 _aM S M Khan
245 _aIqbal our Tehrik Pakistan
260 _aLahore
_bSheikh Ghulam Ali
_c
090 _c31181
_d31181
942 _aNUST-CAE
_cM
_c23538
999 _c283295
_d283295